Online
Catalog

Historia / (Record no. 39340)

MARC details
000 -CABECERA
campo de control de longitud fija 00924nam a2200229 a 4500
001 - NÚMERO DE CONTROL
campo de control 000039850
005 - FECHA Y HORA DE LA ÚLTIMA TRANSACCIÓN
campo de control 20201002033753.0
008 - DATOS DE LONGITUD FIJA--INFORMACIÓN GENERAL
campo de control de longitud fija 130725s2002 sp ab 001 0 spa d
020 ## - NÚMERO INTERNACIONAL ESTÁNDAR DEL LIBRO
Número Internacional Estándar del Libro 8400080149
040 ## - FUENTE DE LA CATALOGACIÓN
Centro catalogador/agencia de origen DO-SdBNP
100 1# - ENTRADA PRINCIPAL--NOMBRE DE PERSONA
Nombre de persona Ataliates, Miguel
9 (RLIN) 66045
245 10 - MENCIÓN DE TÍTULO
Título Historia /
Mención de responsabilidad, etc. Miguel Ataliates; introducción, edición, traducción y comentario de Inmaculada Pérez Martín.
260 ## - PUBLICACIÓN, DISTRIBUCIÓN, ETC.
Lugar de publicación, distribución, etc. Madrid :
Nombre del editor, distribuidor, etc. Consejo Superior de Investigaciones Científicas,
Fecha de publicación, distribución, etc. 2002.
300 ## - DESCRIPCIÓN FÍSICA
Extensión lxvii, 382 :
Otras características físicas il., mapas ;
Dimensiones 27 cm.
490 1# - MENCIÓN DE SERIE
Mención de serie Nueva Roma. Biblioteca Graeca et latina Aevi posterioris
Designación de volumen o secuencia 15
500 ## - NOTA GENERAL
Nota general Incluye índice
504 ## - NOTA DE BIBLIOGRAFÍA, ETC.
Nota de bibliografía, etc. Incluye referencias bibliográficas y notas al pie de las páginas
504 ## - NOTA DE BIBLIOGRAFÍA, ETC.
Nota de bibliografía, etc. Bibliografía : p. 343-360
546 ## - NOTA DE LENGUA/LENGUAJE
Nota de lengua/lenguaje Texto en griego y español
700 1# - PUNTO DE ACCESO ADICIONAL--NOMBRE DE PERSONA
Nombre de persona Pérez Martín, Inmaculada
9 (RLIN) 15352
830 #0 - PUNTO DE ACCESO ADICIONAL DE SERIE-TÍTULO UNIFORME
Título uniforme Nueva Roma. Biblioteca Graeca et latina Aevi posterioris
Designación de volumen o secuencia 15
9 (RLIN) 66044
Holdings
Estado de retiro Estado de pérdida Restricciones de uso No para préstamo Código de colección Localización permanente Ubicación/localización actual Ubicación en estantería Fecha de adquisición Número de inventario Total de préstamos Signatura topográfica completa Código de barras Fecha visto por última vez Precio válido a partir de Tipo de ítem Koha
      Excluido de préstamo Monografías: Libros y Folletos General General En catalogación 25.07.2013 LF1   39850-10 25.06.2020 25.06.2020 No se presta

Powered by Koha